[Event "Dortmund op-B"]
[Site "Dortmund"]
[Date "2004.07.30"]
[Round "8"]
[White "Stork, Gerd"]
[Black "Raszelenberg, Patrick"]
[Result "0-1"]
[WhiteElo "1442"]
[BlackElo "1697"]
[PlyCount "48"]
[EventDate "2004.07.??"]
[EventType "swiss"]
[EventRounds "9"]
[EventCountry "GER"]
[SourceTitle "EXT 2006"]
[Source "ChessBase"]
[SourceDate "2005.11.24"]
[SourceVersion "1"]
[SourceVersionDate "2005.11.24"]
[SourceQuality "1"]

1. e4 d6 2. Nf3 Nf6 3. Nc3 g6 4. d4 Bg7 5. Bd3 c6 6. Be3 Bg4 7. h3 Bxf3 8. Qxf3 e5 9. d5 0-0 10. g4 Nbd7 11. h4 h5 12. Bg5 Qa5 13. Bxf6 Nxf6 14. g5 Nd7 15. dxc6 bxc6 16. Bc4 d5 17. exd5 e4 18. Qe3 cxd5 19. Rd1 d4 20. Rxd4 Bxd4 21. Qxd4 Ne5 22. b4 Nf3+ 23. Kf1 Nxd4 24. bxa5 Rac8 0-1